000
00248nam a2200097Ia 4500
001
956725
005
20250826215830.0
008
250824s9999 xx 000 0 und d
245
0
_a
SAVAŞÇI
_c
DOĞAN CÜCELOĞLU
260
_b
REMZİ KİTABEVİ YAYINLARI
999
_c
956725
_d
956725